<?xml version="1.0" encoding="UTF-8"?>
<record
    xmlns:xsi="http://www.w3.org/2001/XMLSchema-instance"
    xsi:schemaLocation="http://www.loc.gov/MARC21/slim http://www.loc.gov/standards/marcxml/schema/MARC21slim.xsd"
    xmlns="http://www.loc.gov/MARC21/slim">

  <leader>01792nam a22002297a 4500</leader>
  <controlfield tag="003">OSt</controlfield>
  <controlfield tag="005">20241220123930.0</controlfield>
  <controlfield tag="007">ta</controlfield>
  <controlfield tag="008">230621b        ag ||||| |||| 00| 0 spa d</controlfield>
  <datafield tag="020" ind1=" " ind2=" ">
    <subfield code="a">8478442588</subfield>
  </datafield>
  <datafield tag="040" ind1=" " ind2=" ">
    <subfield code="c">besociales</subfield>
  </datafield>
  <datafield tag="100" ind1="1" ind2=" ">
    <subfield code="a">Tanizaki, Junichir&#x14D;</subfield>
    <subfield code="d">1886-1965</subfield>
    <subfield code="e">autor</subfield>
  </datafield>
  <datafield tag="245" ind1="0" ind2="3">
    <subfield code="a">El elogio de la sombra /</subfield>
    <subfield code="c">Junichir&#x14D; Tanizaki ; traducci&#xF3;n Julia Escobar</subfield>
  </datafield>
  <datafield tag="250" ind1=" " ind2=" ">
    <subfield code="a">19a ed.</subfield>
  </datafield>
  <datafield tag="260" ind1=" " ind2=" ">
    <subfield code="a">Madrid :</subfield>
    <subfield code="b">Siruela,</subfield>
    <subfield code="c">2005</subfield>
  </datafield>
  <datafield tag="300" ind1=" " ind2=" ">
    <subfield code="a">95 p.</subfield>
  </datafield>
  <datafield tag="490" ind1=" " ind2=" ">
    <subfield code="a">Biblioteca de ensayo Siruela ;</subfield>
    <subfield code="v">1</subfield>
  </datafield>
  <datafield tag="520" ind1=" " ind2=" ">
    <subfield code="a">En Occidente, el m&#xE1;s poderoso aliado de la belleza ha sido siempre la luz. En cambio, en la est&#xE9;tica tradicional japonesa lo esencial es captar el enigma de la sombra. Lo bello no es una sustancia en s&#xED; sino un juego de claroscuros producido por la yuxtaposici&#xF3;n de las diferentes sustancias que va formando el juego sutil de las modulaciones de la sombra. Lo mismo que una piedra fosforescente en la oscuridad pierde toda su fascinante sensaci&#xF3;n de joya preciosa si fuera expuesta a plena luz, la belleza pierde toda su existencia si se suprimen los efectos de la sombra. En este ensayo cl&#xE1;sico, escrito en 1933, Junichiro Tanizaki va desarrollando con gran refinamiento esta idea medular del pensamiento oriental, clave para entender el color de las lacas, de la tinta o de los trajes del teatro no; para aprender a apreciar el aspecto antiguo del papel o de los reflejos velados en la p&#xE1;tina de los objetos; para prevenirnos contra todo lo que brilla; para captar la belleza en la llama vacilante de una l&#xE1;mpara y descubrir el alma de la arquitectura a trav&#xE9;s de los grados de opacidad de los materiales y el silencio y la penumbra del espacio vac&#xED;o.</subfield>
  </datafield>
  <datafield tag="650" ind1=" " ind2="4">
    <subfield code="a">Est&#xE9;tica</subfield>
    <subfield code="z">Jap&#xF3;n</subfield>
  </datafield>
  <datafield tag="700" ind1=" " ind2=" ">
    <subfield code="a">Escobar, Julia, </subfield>
    <subfield code="d">(1946-), </subfield>
    <subfield code="e">traductor</subfield>
  </datafield>
  <datafield tag="942" ind1=" " ind2=" ">
    <subfield code="2">udc</subfield>
    <subfield code="c">OG</subfield>
    <subfield code="n">0</subfield>
  </datafield>
  <datafield tag="999" ind1=" " ind2=" ">
    <subfield code="c">1</subfield>
    <subfield code="d">1</subfield>
  </datafield>
  <datafield tag="952" ind1=" " ind2=" ">
    <subfield code="0">0</subfield>
    <subfield code="1">0</subfield>
    <subfield code="2">udc</subfield>
    <subfield code="4">0</subfield>
    <subfield code="7">0</subfield>
    <subfield code="8">CG</subfield>
    <subfield code="a">ESOCIALES</subfield>
    <subfield code="b">ESOCIALES</subfield>
    <subfield code="d">2023-06-21</subfield>
    <subfield code="l">4</subfield>
    <subfield code="o">111.852(520) T164</subfield>
    <subfield code="p">000416</subfield>
    <subfield code="r">2023-06-21 00:00:00</subfield>
    <subfield code="s">2023-06-21</subfield>
    <subfield code="w">2023-06-21</subfield>
    <subfield code="y">OG</subfield>
  </datafield>
</record>
